[Event "Ciencias Prueba"]
[Site "Ciencias"]
[Date "2019.??.??"]
[Round "4.3"]
[White "Maidana, Dario"]
[Black "Bourgeois, Gustavo"]
[Result "1-0"]
[WhiteElo "1593"]
[BlackElo "1741"]
[PlyCount "55"]
[EventDate "2019.05.30"]
[EventType "swiss"]
[EventRounds "9"]
[EventCountry "ARG"]
[SourceTitle "EXT 2024"]
[Source "ChessBase"]
[SourceDate "2023.10.10"]
[SourceVersion "1"]
[SourceVersionDate "2023.10.10"]
[SourceQuality "1"]

1. e4 c6 2. d4 d5 3. e5 Bf5 4. Nf3 e6 5. Be2 c5 6. c3 Nc6 7. Qb3 Qb6 8. Qxb6 axb6 9. Bg5 Bxb1 10. Rxb1 Rxa2 11. 0-0 Be7 12. Bd2 Nh6 13. Rfe1 Nf5 14. g4 Nh4 15. Nxh4 Bxh4 16. Be3 cxd4 17. cxd4 Kd7 18. Rec1 Be7 19. Bd3 Ra4 20. Bc2 Rb4 21. Rd1 Ra8 22. Rd2 g6 23. f4 Ra2 24. b3 Nxd4 25. Bd1 Rxd2 26. Bxd2 Rb5 27. b4 Nc6 28. Ba4 1-0

[Event "Ciencias Prueba"]
[Site "Ciencias"]
[Date "2019.??.??"]
[Round "6.4"]
[White "Maidana, Dario"]
[Black "Fischer, Hugo"]
[Result "0-1"]
[WhiteElo "1593"]
[BlackElo "1662"]
[PlyCount "118"]
[EventDate "2019.05.30"]
[EventType "swiss"]
[EventRounds "9"]
[EventCountry "ARG"]
[SourceTitle "EXT 2024"]
[Source "ChessBase"]
[SourceDate "2023.10.10"]
[SourceVersion "1"]
[SourceVersionDate "2023.10.10"]
[SourceQuality "1"]

1. c4 Nf6 2. g3 c6 3. Bg2 g6 4. Nc3 Bg7 5. Nf3 d6 6. d4 0-0 7. 0-0 Nbd7 8. e3 Qc7 9. b3 e5 10. Bb2 Re8 11. Rc1 a6 12. Nd2 exd4 13. exd4 Nf8 14. h3 Bf5 15. Nf3 Bh6 16. Ra1 Qd7 17. Kh2 Re7 18. Ne2 Rae8 19. Re1 Ne4 20. Rf1 Ng5 21. Neg1 Nxf3+ 22. Qxf3 Be4 23. Qc3 Bg7 24. Qd2 Bxg2 25. Kxg2 d5 26. Rae1 Ne6 27. Nf3 f6 28. Ba3 Rf7 29. Re2 Bf8 30. Bb2 Ng7 31. Rfe1 Rxe2 32. Rxe2 Ne8 33. c5 Ng7 34. Qe1 h5 35. Bc1 g5 36. h4 g4 37. Ng1 Nf5 38. Bb2 Re7 39. Qb1 Rxe2 40. Nxe2 Qh7 41. Qe1 Qe7 42. Kf1 Qe4 43. Ng1 Qd3+ 44. Qe2 Qb1+ 45. Kg2 Qe4+ 46. Qxe4 dxe4 47. Ne2 Bh6 48. b4 Ne7 49. Bc1 Bxc1 50. Nxc1 Nd5 51. a3 Kf7 52. Ne2 Ke6 53. Kf1 e3 54. Kg2 exf2 55. Kxf2 Kf5 56. Ke1 Ke4 57. Kd2 f5 58. Nc3+ Nxc3 59. Kxc3 f4 0-1